00321 2200133 4500001002100000005001500021035002000036245004500056100001800101300001200119260003600131082000800167990001200175INLIS00000000000225220250527022725 a0010-05250005441 aAlap-alapan Drusilawati /cKi Reditanaya0 aKi Reditanaya a152 hlm aJakarta :bBalai Pustaka,c1999 a813 a0712713